Anime Main Characters: Sudden Death 2 - Statistics

General Stats
  • This quiz has been taken 1,972 times
  • The average score is 5 of 15
Answers on the Grid
Answers color-coded by a green-red scale on the quiz's grid according to % correct below.
David Martinez
Gray Fullbuster
Izuku Midoryia
Jinshi
Kaori Miyazono
Ken Takekora
Eren Jeager
Violet Evergarden
Momo Ayase
Shoto Todoroki
Levi Ackerman
Lucy Heartfilia
Kousei Arima
Maomao
Megumi Fushiguro
Mikaela Hyakuya
Kiyotaka Ayanokoji
Monkey D. Luffy
Natsu Dragneel
Roronoa Zoro
Yuji Itadori
Touka Kirishima
Yuri Plisetsky
Roy Mustang
Edward Elric
Shinoa Hiragi
Ken Kaneki
Suzune Horikita
Yuchiro Hyakuya
Yuri Katsuki
 
Answer Stats
Answer % Correct
Izuku Midoryia
68%
Eren Jeager
64%
Yuji Itadori
51%
Monkey D. Luffy
49%
David Martinez
42%
Violet Evergarden
42%
Ken Kaneki
38%
Edward Elric
33%
Natsu Dragneel
26%
Maomao
22%
Kiyotaka Ayanokoji
20%
Momo Ayase
19%
Yuri Katsuki
10%
Kousei Arima
8%
Yuchiro Hyakuya
7%
No matching quizzes found
Score Distribution
Percent of People with Each Score
Percentile by Number Answered
Your Score History
You have not taken this quiz